LEADER 01281nam a2200265 i 4500 001 991001071339707536 005 20020502183208.0 008 001103s1988 it ||| | ita 020 $a8814014817 035 $ab11459608-39ule_inst 035 $aPRUMB54443$9ExL 040 $aScuola per assistenti sociali$bita 100 1 $aFinocchiaro, Alfio$028898 245 10$aDiritto di famiglia :$blegislazione, dottrina, giurisprudenza :$bcommento sistematico della Legge 1. dicembre 1970, n. 898 come modificata dalle leggi 1. agosto 1978, n. 436 e 6 marzo 1987, n. 74 :$bvolume terzo :$bil divorzio /$cAlfio Finocchiaro, Mario Finocchiaro 260 $aMilano :$bA. Giuffrè,$c1988 300 $aIV, 768 p. ;$c25 cm. 500 $aPer i v. 1-2 cfr. Diritto di famiglia : commento sistematico dellalegge 19 maggio 1975, n. 151 ... 650 4$aDivorzio$xLegislazione 700 1 $aFinocchiaro, Mario$eauthor$4http://id.loc.gov/vocabulary/relators/aut$028899 907 $a.b11459608$b02-04-14$c01-07-02 912 $a991001071339707536 945 $aLE024 D/B II 9$cv. 3$g1$i2024000021498$lle021$nex DUSS$o-$pE0.00$q-$rl$s- $t0$u0$v0$w0$x0$y.i11647462$z01-07-02 996 $aDiritto di famiglia$9583227 997 $aUNISALENTO 998 $ale021$b01-01-00$cm$da $e-$fita$git $h0$i1 LEADER 01838nam 2200421z- 450 001 9910347056403321 005 20210211 010 $a1000037674 035 $a(CKB)4920000000101952 035 $a(oapen)https://directory.doabooks.org/handle/20.500.12854/50095 035 $a(oapen)doab50095 035 $a(EXLCZ)994920000000101952 100 $a20202102d2014 |y 0 101 0 $ager 135 $aurmn|---annan 181 $ctxt$2rdacontent 182 $cc$2rdamedia 183 $acr$2rdacarrier 200 00$aIn-situ Visualisierung von Oberfla?chendeformationen aufgrund von Marangoni-Konvektion wa?hrend der Filmtrocknung 210 $cKIT Scientific Publishing$d2014 215 $a1 online resource (VIII, 205 p. p.) 311 08$a3-7315-0148-1 330 $aIn the production of modern components, e.g. displays, complex substrates with e.g. conducting paths and pre-structuring are liquid coated and dried. The surfaces of such layers have to have a very well specified quality, usual. Thus it is necessary to avoid the formation of surface structures. This work presents the elementary mechanism and describes a technique for visualization to investigate surface deformations due to Marangoni-Convection during thin film drying. 606 $aBiotechnology$2bicssc 610 $aconvection 610 $aFilmtrocknung 610 $aKonvektion 610 $aMarangoni 610 $aOberfla?chendeformationthin film drying 610 $aOberfla?chenspannung 610 $asurface deformation 610 $asurface tension 615 7$aBiotechnology 700 $aErz$b Joachim$4auth$01323455 906 $aBOOK 912 $a9910347056403321 996 $aIn-situ Visualisierung von Oberflächendeformationen aufgrund von Marangoni-Konvektion während der Filmtrocknung$93035574 997 $aUNINA